Majallat Majmaʻ Fuʼād al-Awwal lil-Lughah al-ʻArabīyah

Saved in:

Main Author: Majmaʻ Fuʼād al-Awwal lil-Lughah al-ʻArabīyah.

Format: Book

Language: Undetermined

Published: Cairo : matbaeat al'amiria , 1942.

Subjects:

Tags: Add Tag

No Tags, Be the first to tag this record!

Call Number: (J)P361 .M23

LEADER 00542nam a2200157Ia 4500
008 240329s9999||||xx |||||||||||||| ||und||
050 4 |a (J)P361 .M23 
100 1 |a Majmaʻ Fuʼād al-Awwal lil-Lughah al-ʻArabīyah. 
245 1 0 |a Majallat Majmaʻ Fuʼād al-Awwal lil-Lughah al-ʻArabīyah  |c Majmaʻ Fuʼād al-Awwal lil-Lughah al-ʻArabīyah 
264 1 |a Cairo :  |b matbaeat al'amiria ,  |c 1942. 
300 |a 135  |c 27 CM 
650 |a  Arabic language 
650 |a Arabic language Periodicals 
650 |a Periodicals 
942 |2 lcc  |c BK 
999 |c 57612  |d 57612